| 000 | 00948nam a2200265Ia 4500 | ||
|---|---|---|---|
| 003 | OSt | ||
| 005 | 20221005104520.0 | ||
| 006 | a|||||r|||| 00| 0 | ||
| 007 | ta | ||
| 008 | 221004b |||||||| |||| 00| 0 hin d | ||
| 020 |
_a9789381130131 (hbk) _cINR 395.00 |
||
| 024 | _a30094 | ||
| 037 |
_b279, 03/03/2017, Eastern Book Linkers _cTextual |
||
| 040 |
_aCRL _cCRL _bhin |
||
| 041 |
_2hin _ahin |
||
| 082 | _aV2y7M69:g, Q1 | ||
| 100 | _aश्रीभगवान सिंह | ||
| 245 | 0 | _aगॉंधी और हमारा समय | |
| 246 | _aGaॉandhī aur hamārā samaya | ||
| 260 |
_aदिल्ली _bयश पब्लिकेशन्स भारत _c2011 |
||
| 300 |
_a221पृ0 _ccm. |
||
| 650 | _aमहात्मा गांधी | ||
| 942 |
_hV2y7M69:g, Q1 _cTEXL _2cc |
||
| 999 |
_c1012939 _d1012939 |
||